Library of the University of Algiers 3
Ibrahim Sultan Cheibout
شعار جامعة الجزائر 3
مكتبة جامعة الجزائر 3
إبراهيم سلطان شيبوط

التطور الأكاديمي والإعداد للمهنة الأكاديمية بين تحديات العولمة ومتطلبات التدويل / (رقم التسجيلة. 44351)

تفاصيل مارك
000 -LEADER
fixed length control field 01200nam a2200253Ia 4500
003 - CONTROL NUMBER IDENTIFIER
control field Ost
005 - DATE AND TIME OF LATEST TRANSACTION
control field 20260507075408.0
008 - FIXED-LENGTH DATA ELEMENTS--GENERAL INFORMATION
fixed length control field 260507s9999||||xx |||||||||||||| ||und||
020 ## - INTERNATIONAL STANDARD BOOK NUMBER
International Standard Book Number 2049410977
040 ## - CATALOGING SOURCE
Transcribing agency fsecg
041 ## - LANGUAGE CODE
Language code of text/sound track or separate title ara
082 ## - DEWEY DECIMAL CLASSIFICATION NUMBER
Classification number 300
100 ## - MAIN ENTRY--PERSONAL NAME
Personal name العجمي، محمد حسين
Relator term مؤلف
245 #0 - TITLE STATEMENT
Title التطور الأكاديمي والإعداد للمهنة الأكاديمية بين تحديات العولمة ومتطلبات التدويل /
Statement of responsibility, etc. محمد حسين العجمي
260 ## - PUBLICATION, DISTRIBUTION, ETC.
Place of publication, distribution, etc. الإسكندرية:
Name of publisher, distributor, etc. المكتبة العصرية,
Date of publication, distribution, etc. 2007
300 ## - PHYSICAL DESCRIPTION
Extent 216 صفحة؛
Other physical details إيضاحات ؛
Dimensions 24 سم
504 ## - BIBLIOGRAPHY, ETC. NOTE
Bibliography, etc. note المراجع ص.146
520 ## - SUMMARY, ETC.
Summary, etc. يضم المهنة الأكاديمية وعضو هيئة التدريس، تحديات العولمة ومتطلبات تدويل التعليم الجامعي، اتجاهات التطور الأكاديمي للجامعة، المهنة الأكاديمية بالجامعات المصرية منظور تطبيقي
653 ## - INDEX TERM--UNCONTROLLED
Uncontrolled term الأكاديميات
653 ## - INDEX TERM--UNCONTROLLED
Uncontrolled term التعليم العالي
653 ## - INDEX TERM--UNCONTROLLED
Uncontrolled term الجامعات والكليات
653 ## - INDEX TERM--UNCONTROLLED
Uncontrolled term المهن
942 ## - ADDED ENTRY ELEMENTS (KOHA)
Koha item type كتب
المقتنيات
Withdrawn status Lost status Source of classification or shelving scheme Damaged status Not for loan Home library Current library Date acquired Serial enumeration / chronology Inventory number Total checkouts Full call number Barcode Date last seen Price effective from Koha item type
    Dewey Decimal Classification   NOT LOAN / إعارة داخلية مكتبة كلية العلوم الإقتصادية والعلوم التجارية وعلوم التسيير مكتبة كلية العلوم الإقتصادية والعلوم التجارية وعلوم التسيير 07/05/2026 الطابق الأرضي 26795   أ/4414ن1 26795 07/05/2026 07/05/2026 كتب
    Dewey Decimal Classification   Available مكتبة كلية العلوم الإقتصادية والعلوم التجارية وعلوم التسيير مكتبة كلية العلوم الإقتصادية والعلوم التجارية وعلوم التسيير 07/05/2026 الطابق الأرضي 26796   أ/4414ن2 26796 07/05/2026 07/05/2026 كتب
    Dewey Decimal Classification   Available مكتبة كلية العلوم الإقتصادية والعلوم التجارية وعلوم التسيير مكتبة كلية العلوم الإقتصادية والعلوم التجارية وعلوم التسيير 07/05/2026 الطابق الثاني 26797   أ/4414ن3 26797 07/05/2026 07/05/2026 كتب

موارد الويب المفتوحة


© University of Algiers 3 All Rights Reserved
|
Implemented by LECHELAH Riad